01250naa a2200229 a 450000100080000000500110000800800410001910000160006024500480007626000090012452006680013365300190080165300120082065300130083265300140084565300140085970000190087370000190089270000200091170000220093177300670095310621592008-12-10 2008 bl uuuu u00u1 u #d1 aRISSI, D.R. aMelanoma maligno anapl??sico em um eq??ino. c2008 aDescreve-se um caso de melanoma maligno anapl??sico em uma ??gua Crioula, tordilha, com 10 anos de idade, com hist??rico cl??nico de apatia, perda de peso progressiva, febre, anorexia e dispn??ia. M??ltiplas massas pigmentadas e n??o-pigmentadas, bem delimitadas ou infiltrativas, foram observadas no tecido subcut??neo e em v??rios ??rg??os. Histologicamente o neoplasma era composto de popula????es de c??lulas fusiformes, redondas ou poli??dricas e, menos freq??entemente, de c??lulas multinucleadas e "c??lulas em anel de sinete". O diagn??stico foi realizado com base nos achados clinicopatol??gicos e confirmado pela microscopia eletr??nica de transmiss??o. aDoen??a animal aEq??ino aMelanoma aNeoplasma aPatologia1 aFFIGHERA, R.A.1 aIRIGOYEN, L.F.1 aLACORTE, F.D.de1 aBARROS, C.S.L.de. tCiencia Rural, Santa Mariagv.38, n.7, p.2072-2075, out. 2008.